Crofting Reform (Scotland) Act 2010 (Record no. 111402)

MARC details
000 -LEADER
fixed length control field 01071cad a22002175a 4500
001 - CONTROL NUMBER
control field E151483
008 - FIXED-LENGTH DATA ELEMENTS--GENERAL INFORMATION
fixed length control field 101108s2010 xxk f s000 0 eng d
035 ## - SYSTEM CONTROL NUMBER
System control number (Sirsi) u151483
041 0# - LANGUAGE CODE
Language code of text/sound track or separate title eng
110 2# - MAIN ENTRY--CORPORATE NAME
Corporate name or jurisdiction name as entry element Scotland
Form subheading Laws, etc
245 00 - TITLE STATEMENT
Title Crofting Reform (Scotland) Act 2010
Medium [electronic resource]
260 ## - PUBLICATION, DISTRIBUTION, ETC.
Place of publication, distribution, etc. [Scotland]
Name of publisher, distributor, etc. Stationery Office
Date of publication, distribution, etc. 2010
520 ## - SUMMARY, ETC.
Summary, etc. Reforms and renames the Crofters Commission; establishes a new Crofting Register to be maintained by the Keeper of the Registers of Scotland; creates a category of owner-occupiers known as "owner-occupier crofters" and imposes various duties on them relating to residency, misuse and neglect of crofts. Also amends the Crofters (Scotland) Act 1993.
590 ## - LOCAL NOTE (RLIN)
Local note KA
650 24 - SUBJECT ADDED ENTRY--TOPICAL TERM
Topical term or geographic name entry element CROFTERS (SCOTLAND) ACT 1993
650 24 - SUBJECT ADDED ENTRY--TOPICAL TERM
Topical term or geographic name entry element CROFTING REFORM (SCOTLAND) ACT 2010
651 #4 - SUBJECT ADDED ENTRY--GEOGRAPHIC NAME
Geographic name Scotland
Chronological subdivision 1999-
690 ## - LOCAL SUBJECT ADDED ENTRY--TOPICAL TERM (OCLC, RLIN)
Topical term or geographic name as entry element ENVIRONMENTAL AND LAND CONSULTANCY-AGRIBUSINESS-AGRICULTURE
856 40 - ELECTRONIC LOCATION AND ACCESS
Uniform Resource Identifier <a href="https://www.legislation.gov.uk/asp/2010/14">https://www.legislation.gov.uk/asp/2010/14</a>
Public note View the guidance free of charge at www.legislation.gov.uk
942 ## - ADDED ENTRY ELEMENTS (KOHA)
Suppress in OPAC 0
Holdings
Withdrawn status Lost status Source of classification or shelving scheme Damaged status Not for loan Home library Current library Shelving location Date acquired Total Checkouts Full call number Barcode Date last seen Copy number Price effective from Koha item type
    Dewey Decimal Classification     Virtual Virtual Online 08/11/2010   ONLINE PUBLICATION 151483-2001 06/08/2019 1 06/08/2019 Book